[Event "4. Moscu Open 2008"]
[Site "Moscu RUS"]
[Date "2008.02.02"]
[Round "1.83"]
[White "Bagirov, Rufat"]
[Black "Ajrapetian, Gevorg"]
[Result "1/2-1/2"]
[WhiteElo "2495"]
[BlackElo "2298"]
[PlyCount "110"]
[EventDate "2008.02.02"]
[EventType "swiss"]
[EventRounds "9"]
[EventCountry "RUS"]
[Source "lmi"]
[SourceDate "2008.02.02"]

1. d4 Nf6 2. Nf3 g6 3. Bf4 Bg7 4. h3 O-O 5. e3 d6 6. Nbd2 Nbd7 7. Bc4 e5 8.
dxe5 Nxe5 9. Bxe5 dxe5 10. c3 Qe7 11. Qc2 Nd7 12. O-O-O a5 13. h4 Nc5 14. h5
Bf5 15. e4 Be6 16. Bxe6 Qxe6 17. Nb3 Nxb3+ 18. Qxb3 Qxb3 19. axb3 Rfd8 20. Kc2
Kf8 21. Rxd8+ Rxd8 22. Ne1 Bf6 23. Nd3 Kg7 24. g3 Bg5 25. hxg6 hxg6 26. Rd1 Re8
27. Ra1 b6 28. b4 axb4 29. Nxb4 Rh8 30. Nd3 Rh2 31. Kb3 Be7 32. Kc4 c6 33. Nxe5
Rxf2 34. Nxc6 Bg5 35. b4 Rg2 36. Ra7 Rxg3 37. Ne5 b5+ 38. Kxb5 Rxc3 39. Rxf7+
Kh6 40. Rf3 Rc8 41. Rh3+ Kg7 42. Rg3 Rb8+ 43. Kc4 Bd2 44. Nc6 Rb7 45. b5 g5 46.
Rb3 Bf4 47. b6 g4 48. Nd4 Kf6 49. Ne2 Bb8 50. Kd5 Re7 51. b7 Re5+ 52. Kd4 Kg5
53. Rc3 Re8 54. Rc5+ Kf6 55. Rb5 Rd8+ 1/2-1/2

[Event "4. Moscu Open 2008"]
[Site "Moscu RUS"]
[Date "2008.02.02"]
[Round "1.84"]
[White "Lyaskovsky, Valentin"]
[Black "Ivanov, Victor L"]
[Result "0-1"]
[WhiteElo "2297"]
[BlackElo "2495"]
[PlyCount "70"]
[EventDate "2008.02.02"]
[EventType "swiss"]
[EventRounds "9"]
[EventCountry "RUS"]
[Source "lmi"]
[SourceDate "2008.02.02"]

1. e4 c5 2. Nf3 e6 3. d4 cxd4 4. Nxd4 a6 5. Bd3 Qb6 6. Nb3 Qc7 7. O-O Nf6 8.
Qe2 d6 9. f4 Nbd7 10. c4 g6 11. Nc3 Bg7 12. Be3 b6 13. Kh1 Bb7 14. Bd4 O-O 15.
Rac1 Rac8 16. Nd2 Rfe8 17. Nf3 Nh5 18. Be3 Nc5 19. Nd2 f5 20. b4 Nxd3 21. Qxd3
b5 22. c5 dxc5 23. bxc5 Rcd8 24. Qc2 Qc6 25. Rce1 b4 26. Ne2 a5 27. Nc4 a4 28.
Rc1 b3 29. axb3 axb3 30. Qxb3 Qxe4 31. Rg1 Rd3 32. Qb1 Bd5 33. Nd6 Qxe3 34.
Nxe8 Qxe2 35. Nxg7 Kxg7 0-1

[Event "4. Moscu Open 2008"]
[Site "Moscu RUS"]
[Date "2008.02.02"]
[Round "1.85"]
[White "Zabotin, Alexander"]
[Black "Yarysh, Grigorij"]
[Result "1/2-1/2"]
[WhiteElo "2495"]
[BlackElo "2294"]
[PlyCount "38"]
[EventDate "2008.02.02"]
[EventType "swiss"]
[EventRounds "9"]
[EventCountry "RUS"]
[Source "lmi"]
[SourceDate "2008.02.02"]

1. d4 Nf6 2. c4 g6 3. Nc3 Bg7 4. e4 d6 5. Nf3 O-O 6. Be2 e5 7. O-O exd4 8. Nxd4
Re8 9. f3 Nc6 10. Be3 Nh5 11. f4 Nf6 12. Bf3 Bg4 13. Nxc6 Bxf3 14. Qxf3 bxc6
15. Rae1 Qc8 16. Bc1 Qg4 17. Qd3 Nd7 18. Na4 Qe6 19. c5 f5 1/2-1/2

[Event "4. Moscu Open 2008"]
[Site "Moscu RUS"]
[Date "2008.02.02"]
[Round "1.86"]
[White "Demidov, Mikhail"]
[Black "Safin, Shukhrat"]
[Result "0-1"]
[WhiteElo "2289"]
[BlackElo "2493"]
[PlyCount "79"]
[EventDate "2008.02.02"]
[EventType "swiss"]
[EventRounds "9"]
[EventCountry "RUS"]
[Source "lmi"]
[SourceDate "2008.02.02"]

1. d4 Nf6 2. Nf3 e6 3. c4 d5 4. e3 Be7 5. Nbd2 O-O 6. Bd3 c5 7. cxd5 exd5 8. b3
Bg4 9. Bb2 cxd4 10. Bxd4 Nc6 11. Bb2 d4 12. e4 Bb4 13. O-O Bc3 14. Qb1 Qa5 15.
Nc4 Qh5 16. Ne1 b5 17. Nd6 a6 18. a4 b4 19. Ra2 Ne5 20. f3 Be6 21. Bc1 Rfd8 22.
g4 Qh3 23. Bf4 Nfd7 24. Be2 h5 25. gxh5 Qxh5 26. Bg3 d3 27. Nxd3 Nxd3 28. Qxd3
Nc5 29. Qb1 Nxb3 30. f4 Qc5+ 31. Kg2 Rxd6 32. f5 Nd2 33. fxe6 Rxe6 34. Rxd2
Bxd2 35. Qa2 Be3 36. Bc4 Rae8 37. Bd5 R8e7 38. Bh4 Rg6+ 39. Kh1 Bh6 40. e5 0-1

[Event "4. Moscu Open 2008"]
[Site "Moscu RUS"]
[Date "2008.02.02"]
[Round "1.87"]
[White "Tarlev, Konstantin"]
[Black "Kurdakov, Yuri"]
[Result "1-0"]
[WhiteElo "2492"]
[BlackElo "2286"]
[PlyCount "67"]
[EventDate "2008.02.02"]
[EventType "swiss"]
[EventRounds "9"]
[EventCountry "RUS"]
[Source "lmi"]
[SourceDate "2008.02.02"]

1. e4 e6 2. Nc3 d5 3. d4 Bb4 4. e5 b6 5. Qg4 Bf8 6. Bb5+ c6 7. Ba4 Ba6 8. h4 h5
9. Qf4 Ne7 10. Nce2 Bb5 11. Bb3 Bc4 12. Bxc4 dxc4 13. Nf3 Nf5 14. Ng3 Nxg3 15.
fxg3 f5 16. exf6 gxf6 17. O-O Be7 18. b3 c3 19. Qe3 Qd6 20. Re1 Rg8 21. Qxe6
Qxe6 22. Rxe6 Kf7 23. Re3 c5 24. Rxc3 cxd4 25. Nxd4 Bc5 26. Be3 Rxg3 27. Nf3
Bxe3+ 28. Rxe3 Rg8 29. Rd1 Na6 30. Rd7+ Kf8 31. Ree7 Nc5 32. Rf7+ Ke8 33. Rde7+
Kd8 34. Nd4 1-0

[Event "4. Moscu Open 2008"]
[Site "Moscu RUS"]
[Date "2008.02.02"]
[Round "1.89"]
[White "Sjugirov, Sanan"]
[Black "Djuraev, Sokhib"]
[Result "0-1"]
[WhiteElo "2491"]
[BlackElo "2283"]
[PlyCount "140"]
[EventDate "2008.02.02"]
[EventType "swiss"]
[EventRounds "9"]
[EventCountry "RUS"]
[Source "lmi"]
[SourceDate "2008.02.02"]

1. e4 e5 2. Nf3 Nc6 3. Bb5 a6 4. Ba4 Nf6 5. O-O Be7 6. Re1 b5 7. Bb3 d6 8. c3
O-O 9. h3 Na5 10. Bc2 d5 11. d4 dxe4 12. Nxe5 c5 13. Bg5 Bb7 14. dxc5 Qc7 15.
Bxf6 Rad8 16. Qe2 Bxf6 17. Ng4 Bg5 18. a4 f5 19. Nh2 bxa4 20. Rxa4 Bc6 21. Rd4
Bb5 22. Qh5 Bf4 23. Nf1 g6 24. Qh4 Kg7 25. Na3 Bxf1 26. Kxf1 Be5 27. Rdd1 Nb7
28. c6 Bf6 29. Qg3 Qxc6 30. Qe3 Nc5 31. Qe2 Qe6 32. Qc4 Qe5 33. Kg1 Rxd1 34.
Rxd1 Rd8 35. Rxd8 Bxd8 36. Qd4 Qxd4 37. cxd4 Nd3 38. Nc4 Nb4 39. Bb3 Bf6 40. d5
Nxd5 41. Kf1 Nb4 42. Bd1 Nd3 43. Be2 Nf4 44. Bd1 Bd4 45. b3 Nd3 46. f3 e3 47.
Na3 Bc5 48. Nc2 a5 49. Be2 Nf4 50. Bc4 Kf6 51. Ne1 h5 52. g3 Nxh3 53. Nd3 Bd4
54. f4 g5 55. Kg2 g4 56. Kf1 Bb6 57. Bb5 h4 58. gxh4 Bc7 59. Ke2 Bxf4 60. Bd7
Bh6 61. Kf1 Nf4 62. Nxf4 Bxf4 63. Ke2 Ke5 64. Kd3 Kf6 65. h5 Bh6 66. Ke2 Kg5
67. Kxe3 Kxh5+ 68. Kd3 Kg5 69. Ke3 Bf8 70. Bc8 Bc5+ 0-1

[Event "4. Moscu Open 2008"]
[Site "Moscu RUS"]
[Date "2008.02.02"]
[Round "1.90"]
[White "Kashlinskaya, Alina"]
[Black "Ponkratov, Pavel"]
[Result "0-1"]
[WhiteElo "2276"]
[BlackElo "2489"]
[PlyCount "88"]
[EventDate "2008.02.02"]
[EventType "swiss"]
[EventRounds "9"]
[EventCountry "RUS"]
[Source "lmi"]
[SourceDate "2008.02.02"]

1. d4 Nf6 2. c4 c5 3. d5 b5 4. cxb5 a6 5. bxa6 Bxa6 6. Nc3 g6 7. Nf3 Bg7 8. g3
d6 9. Bg2 Qa5 10. O-O Nfd7 11. Qc2 Nb6 12. Rd1 Nc4 13. Nd2 Na3 14. bxa3 Qxc3
15. Qa4+ Nd7 16. Rb1 Bb7 17. Qb5 Qc2 18. Rf1 Bc8 19. Qb3 Qxb3 20. axb3 Ba6 21.
Nc4 O-O 22. Bg5 f6 23. Bf4 f5 24. Rfc1 Rfb8 25. Bf3 Bf6 26. g4 g5 27. Bd2 Bxc4
28. bxc4 Rxb1 29. Rxb1 Ne5 30. gxf5 Rxa3 31. Bc1 Nxf3+ 32. exf3 Ra4 33. h4 gxh4
34. Bh6 Kf7 35. Rb8 Bg7 36. Bxg7 Kxg7 37. Re8 Kf7 38. Rh8 Rxc4 39. Rxh7+ Kf6
40. Rh6+ Ke5 41. Re6+ Kxd5 42. Rxe7 Rf4 43. Kg2 c4 44. Rc7 Kd4 0-1

[Event "4. Moscu Open 2008"]
[Site "Moscu RUS"]
[Date "2008.02.02"]
[Round "1.92"]
[White "Matvienko, Ivan"]
[Black "Melkumyan, Hrant"]
[Result "0-1"]
[WhiteElo "2271"]
[BlackElo "2485"]
[PlyCount "52"]
[EventDate "2008.02.02"]
[EventType "swiss"]
[EventRounds "9"]
[EventCountry "RUS"]
[Source "lmi"]
[SourceDate "2008.02.02"]

1. e4 e5 2. Nf3 Nc6 3. Bb5 a6 4. Bxc6 dxc6 5. Nc3 f6 6. d4 exd4 7. Nxd4 c5 8.
Nde2 Qxd1+ 9. Nxd1 Bd7 10. Bf4 O-O-O 11. Ne3 Be6 12. h4 Ne7 13. h5 f5 14. e5
Nd5 15. Bg5 Re8 16. Rd1 Nxe3 17. Bxe3 Bxa2 18. b3 c4 19. Ra1 cxb3 20. Bd4 Bb4+
21. Kf1 c5 22. Bb2 Rd8 23. c3 Rd2 24. cxb4 Rxb2 25. bxc5 Rc2 26. Nd4 Rc4 0-1

[Event "4. Moscu Open 2008"]
[Site "Moscu RUS"]
[Date "2008.02.02"]
[Round "1.93"]
[White "Krapivin, Alexander"]
[Black "Bukavshin, Ivan"]
[Result "1/2-1/2"]
[WhiteElo "2483"]
[BlackElo "2255"]
[PlyCount "128"]
[EventDate "2008.02.02"]
[EventType "swiss"]
[EventRounds "9"]
[EventCountry "RUS"]
[Source "lmi"]
[SourceDate "2008.02.02"]

1. e4 c5 2. Nc3 Nc6 3. g3 g6 4. Bg2 Bg7 5. d3 d6 6. Be3 e6 7. Qd2 Nge7 8. Bh6
O-O 9. Bxg7 Kxg7 10. f4 f6 11. Nf3 e5 12. O-O Be6 13. h3 Nd4 14. Kh2 Qd7 15.
Nxd4 cxd4 16. Ne2 d5 17. Rf2 dxe4 18. dxe4 Bc4 19. Ng1 Nc6 20. Nf3 Qe7 21. fxe5
fxe5 22. Bf1 Bxf1 23. Raxf1 Rf6 24. Ne1 Raf8 25. Nd3 b6 26. Qe2 Rxf2+ 27. Rxf2
Rxf2+ 28. Nxf2 Qf7 29. a3 Na5 30. b3 Nb7 31. Kg2 Qe7 32. Qc4 Nd6 33. Qd5 Nf7
34. b4 Qc7 35. Qb3 Nd6 36. Qe6 Nc4 37. Kg1 Qf7 38. Qc6 h5 39. Qb5 Qc7 40. g4
Nxa3 41. Qe8 Nxc2 42. gxh5 gxh5 43. Qxh5 Nxb4 44. Qg5+ Kf8 45. Qf6+ Ke8 46. h4
Qe7 47. Qg6+ Kf8 48. Ng4 d3 49. Qf5+ Kg7 50. h5 d2 51. h6+ Kg8 52. Qc8+ Qf8 53.
Qe6+ Kh8 54. Qxe5+ Kh7 55. Qc7+ Kg6 56. Qd7 Kg5 57. h7 Qh8 58. Qf5+ Kh4 59. Nf2
Qg7+ 60. Kh2 Qg3+ 61. Kh1 d1=R+ 62. Nxd1 Qe1+ 63. Kh2 Qg3+ 64. Kh1 Qe1+ 1/2-1/2

[Event "4. Moscu Open 2008"]
[Site "Moscu RUS"]
[Date "2008.02.02"]
[Round "1.94"]
[White "Rozanov, Pavel B"]
[Black "Ulko, Jaroslav"]
[Result "0-1"]
[WhiteElo "2253"]
[BlackElo "2482"]
[PlyCount "76"]
[EventDate "2008.02.02"]
[EventType "swiss"]
[EventRounds "9"]
[EventCountry "RUS"]
[Source "lmi"]
[SourceDate "2008.02.02"]

1. d4 Nf6 2. Nf3 g6 3. Bf4 Bg7 4. h3 O-O 5. e3 b6 6. a4 c5 7. c3 Nc6 8. Be2 d5
9. Ne5 Bb7 10. Nd2 Nd7 11. Nxc6 Bxc6 12. O-O a5 13. Qb3 e6 14. Rfe1 Re8 15. Nf3
Qc8 16. Ne5 Nxe5 17. Bxe5 Bxe5 18. dxe5 Qc7 19. f4 Red8 20. Rad1 Rab8 21. Rd2
Qe7 22. Red1 g5 23. Kh2 Kh8 24. Bf3 Rg8 25. g3 Qe8 26. Ra1 Qf8 27. Qc2 Qh6 28.
Bh1 gxf4 29. gxf4 Qh4 30. Rg2 Rxg2+ 31. Bxg2 Rg8 32. Qe2 Qg3+ 33. Kh1 Rg6 34.
Rf1 d4 35. e4 Bxa4 36. Rf3 Bd1 37. Rxg3 Bxe2 38. Rxg6 d3 0-1

[Event "4. Moscu Open 2008"]
[Site "Moscu RUS"]
[Date "2008.02.02"]
[Round "1.95"]
[White "Danin, Alexandre"]
[Black "Fomin, Vladimir"]
[Result "1-0"]
[WhiteElo "2480"]
[BlackElo "2242"]
[PlyCount "51"]
[EventDate "2008.02.02"]
[EventType "swiss"]
[EventRounds "9"]
[EventCountry "RUS"]
[Source "lmi"]
[SourceDate "2008.02.02"]

1. e4 g6 2. d4 Bg7 3. Nc3 d6 4. Nge2 Nf6 5. g3 O-O 6. Bg2 e5 7. h3 Nc6 8. Be3
Nh5 9. O-O exd4 10. Nxd4 Ne5 11. b3 Bd7 12. Kh2 a6 13. f4 Nc6 14. Qd2 Re8 15.
Rad1 Nxd4 16. Bxd4 Bc6 17. g4 Nf6 18. e5 dxe5 19. fxe5 Nd5 20. Qf2 Qd7 21. Nxd5
Bxd5 22. Ba1 Bxe5+ 23. Bxe5 Rxe5 24. c4 Qd6 25. Kg1 Bxg2 26. Rxd6 1-0

[Event "4. Moscu Open 2008"]
[Site "Moscu RUS"]
[Date "2008.02.02"]
[Round "1.96"]
[White "Omariev, Maksim"]
[Black "Gabrielian, Artur"]
[Result "0-1"]
[WhiteElo "2242"]
[BlackElo "2479"]
[PlyCount "72"]
[EventDate "2008.02.02"]
[EventType "swiss"]
[EventRounds "9"]
[EventCountry "RUS"]
[Source "lmi"]
[SourceDate "2008.02.02"]

1. e4 c5 2. Nf3 Nc6 3. d4 cxd4 4. Nxd4 Qb6 5. Nb3 Nf6 6. Nc3 e6 7. Be3 Qc7 8.
f4 Bb4 9. Bd3 Bxc3+ 10. bxc3 b6 11. O-O Bb7 12. Qe1 Ne7 13. Bd4 Qc6 14. Nd2 Nf5
15. Qe2 Nxd4 16. cxd4 Qc3 17. Nb3 Rc8 18. Rf3 O-O 19. Re1 a5 20. a4 Qb4 21. f5
Rfe8 22. Ref1 exf5 23. e5 g6 24. Bxf5 Bxf3 25. Qxf3 gxf5 26. Qxf5 Re6 27. exf6
Kh8 28. d5 Re1 29. Qxd7 Rce8 30. g3 Rxf1+ 31. Kxf1 Qe1+ 32. Kg2 Re2+ 33. Kh3
Qf1+ 34. Kg4 Re4+ 35. Kg5 h6+ 36. Kh5 Qxf6 0-1

[Event "4. Moscu Open 2008"]
[Site "Moscu RUS"]
[Date "2008.02.02"]
[Round "1.97"]
[White "Iskusnyh, Sergei"]
[Black "Inants, Aghasi"]
[Result "1-0"]
[WhiteElo "2478"]
[BlackElo "2241"]
[PlyCount "69"]
[EventDate "2008.02.02"]
[EventType "swiss"]
[EventRounds "9"]
[EventCountry "RUS"]
[Source "lmi"]
[SourceDate "2008.02.02"]

1. d4 Nf6 2. c4 e6 3. Nf3 b6 4. g3 Ba6 5. Qc2 c5 6. Bg2 Bb7 7. d5 exd5 8. cxd5
Nxd5 9. O-O Be7 10. Rd1 Nc6 11. Nc3 Nxc3 12. bxc3 O-O 13. Ne5 Nxe5 14. Bxb7 Rb8
15. Be4 h6 16. Bf4 Qc7 17. Bd5 d6 18. Qf5 Qc8 19. Qe4 Qc7 20. Bxh6 gxh6 21. f4
Bf6 22. fxe5 Bxe5 23. Rd3 Rbe8 24. Qf5 Qe7 25. Rf1 Bg7 26. Qg6 Kh8 27. Bxf7
Qxe2 28. Rdf3 Re3 29. R3f2 Qd3 30. Qg4 Qxc3 31. Bd5 Rxf2 32. Qc8+ Kh7 33. Bg8+
Kg6 34. Qg4+ Kf6 35. Rxf2+ 1-0

[Event "4. Moscu Open 2008"]
[Site "Moscu RUS"]
[Date "2008.02.02"]
[Round "1.98"]
[White "Kolmakov, Pavel"]
[Black "Naumkin, Igor"]
[Result "0-1"]
[WhiteElo "2241"]
[BlackElo "2475"]
[PlyCount "66"]
[EventDate "2008.02.02"]
[EventType "swiss"]
[EventRounds "9"]
[EventCountry "RUS"]
[Source "lmi"]
[SourceDate "2008.02.02"]

1. e4 e5 2. Nf3 Nc6 3. Bc4 Nf6 4. d3 Bc5 5. c3 d6 6. b4 Bb6 7. Qb3 O-O 8. a4 a6
9. Bg5 h6 10. Bh4 Qe7 11. Nbd2 Nd8 12. O-O Ne6 13. Rfe1 Nf4 14. Nf1 Bg4 15. Ne3
Bxe3 16. fxe3 Ng6 17. Rf1 c6 18. a5 Nxh4 19. Nxh4 d5 20. exd5 cxd5 21. Bxd5
Nxd5 22. Qxd5 Qxh4 23. Qxb7 Be2 24. Rxf7 Rxf7 25. Qxa8+ Rf8 26. Qd5+ Kh8 27. h3
Qf2+ 28. Kh1 Qxe3 29. Qd6 Rf6 30. Qd8+ Kh7 31. b5 Bxd3 32. b6 Be4 33. Qc8 Bxg2+
0-1

[Event "4. Moscu Open 2008"]
[Site "Moscu RUS"]
[Date "2008.02.02"]
[Round "1.99"]
[White "Papin, Vasily"]
[Black "Viliavin, Roman"]
[Result "1-0"]
[WhiteElo "2475"]
[BlackElo "2239"]
[PlyCount "97"]
[EventDate "2008.02.02"]
[EventType "swiss"]
[EventRounds "9"]
[EventCountry "RUS"]
[Source "lmi"]
[SourceDate "2008.02.02"]

1. e4 c5 2. Nf3 Nc6 3. Bb5 g6 4. Bxc6 bxc6 5. O-O Bg7 6. Re1 Nh6 7. c3 O-O 8.
d4 cxd4 9. cxd4 d6 10. h3 f6 11. Nc3 Nf7 12. b3 Qa5 13. Bb2 Ng5 14. Nd2 e5 15.
dxe5 dxe5 16. Rc1 Rd8 17. a3 Bxh3 18. Qe2 Be6 19. b4 Qb6 20. Nc4 Qa6 21. Na5
Qxe2 22. Rxe2 Rd6 23. Na4 Rb8 24. f3 Bh6 25. Rxc6 Rd1+ 26. Kf2 Bd7 27. Nc3 Bxc6
28. Nxc6 Rdd8 29. Rc2 Ne6 30. Nxd8 Rxd8 31. Nd5 Kf7 32. Rc6 Rd7 33. g3 Bg7 34.
Ra6 h5 35. Bc1 Nd4 36. Be3 f5 37. a4 Bf8 38. Rf6+ Kg7 39. Bh6+ Kxh6 40. Rxf8
fxe4 41. fxe4 Kg5 42. b5 Rg7 43. Kg2 h4 44. Re8 hxg3 45. Kxg3 Rf7 46. Rxe5+ Kh6
47. Re7 Rf1 48. Rxa7 Kg5 49. Rc7 1-0

[Event "4. Moscu Open 2008"]
[Site "Moscu RUS"]
[Date "2008.02.02"]
[Round "1.100"]
[White "Loginov, Anton"]
[Black "Chadaev, Nikolai"]
[Result "0-1"]
[WhiteElo "2231"]
[BlackElo "2471"]
[PlyCount "38"]
[EventDate "2008.02.02"]
[EventType "swiss"]
[EventRounds "9"]
[EventCountry "RUS"]
[Source "lmi"]
[SourceDate "2008.02.02"]

1. c4 e5 2. Nc3 Nf6 3. Nf3 Nc6 4. e3 Bb4 5. Qc2 d6 6. d3 O-O 7. Be2 Bf5 8. O-O
Re8 9. Ne4 a5 10. a3 Bc5 11. b3 Bg6 12. Bb2 Nd7 13. Nxc5 dxc5 14. Qc3 Qe7 15.
Rfe1 a4 16. bxa4 Nb6 17. Bd1 Qd6 18. a5 Rxa5 19. Nxe5 Qxe5 0-1

[Event "4. Moscu Open 2008"]
[Site "Moscu RUS"]
[Date "2008.02.02"]
[Round "1.101"]
[White "Isajevsky, Anton"]
[Black "Kozlov, Gennady"]
[Result "1/2-1/2"]
[WhiteElo "2469"]
[BlackElo "2224"]
[PlyCount "72"]
[EventDate "2008.02.02"]
[EventType "swiss"]
[EventRounds "9"]
[EventCountry "RUS"]
[Source "lmi"]
[SourceDate "2008.02.02"]

1. c4 e6 2. Nf3 f5 3. g3 b6 4. Bg2 Bb7 5. O-O Nf6 6. Nc3 Be7 7. d4 Ne4 8. Bd2
O-O 9. Rc1 Bf6 10. d5 Qe7 11. Be1 Nxc3 12. Bxc3 Bxc3 13. Rxc3 e5 14. e4 fxe4
15. Nd2 d6 16. Nxe4 Nd7 17. Re3 Nf6 18. Ng5 Bc8 19. f4 Bg4 20. Qd2 Rae8 21.
Rfe1 h6 22. Nf3 Bxf3 23. Bxf3 Qf7 24. fxe5 Rxe5 25. Rxe5 dxe5 26. Qe3 Re8 27.
Bg2 Qd7 28. Be4 Qd6 29. a3 Nxe4 30. Qxe4 b5 31. cxb5 Qc5+ 32. Kg2 Qxb5 33. Re2
Rd8 34. Qxe5 Qxd5+ 35. Qxd5+ Rxd5 36. Rf2 c5 1/2-1/2

[Event "4. Moscu Open 2008"]
[Site "Moscu RUS"]
[Date "2008.02.02"]
[Round "1.102"]
[White "Rettore, Ludwig"]
[Black "Gutov, Andrey"]
[Result "0-1"]
[WhiteElo "2210"]
[BlackElo "2467"]
[PlyCount "64"]
[EventDate "2008.02.02"]
[EventType "swiss"]
[EventRounds "9"]
[EventCountry "RUS"]
[Source "lmi"]
[SourceDate "2008.02.02"]

1. e4 e5 2. Nf3 Nc6 3. Bc4 Bc5 4. c3 Nf6 5. d4 exd4 6. cxd4 Bb4+ 7. Nc3 Nxe4 8.
O-O Bxc3 9. d5 Ne5 10. bxc3 Nxc4 11. Qd4 O-O 12. Qxe4 b5 13. a4 c6 14. dxc6
dxc6 15. Qxc6 Bd7 16. Qe4 Qf6 17. axb5 Bxb5 18. Ng5 g6 19. Qd5 Qc6 20. Qd4 Rad8
21. Qh4 h5 22. Ne4 Ne5 23. Re1 Nd3 24. Bh6 Nxe1 25. Nf6+ Kh8 26. Rxe1 Qxc3 27.
Rf1 Bxf1 28. Qg5 Be2 29. h3 Rd1+ 30. Kh2 Qc7+ 31. f4 Qc1 32. Kg3 Rf1 0-1

[Event "4. Moscu Open 2008"]
[Site "Moscu RUS"]
[Date "2008.02.02"]
[Round "1.103"]
[White "Yandemirov, Valeri"]
[Black "Guerrero, Juan Carlos"]
[Result "1-0"]
[WhiteElo "2461"]
[BlackElo "2196"]
[PlyCount "51"]
[EventDate "2008.02.02"]
[EventType "swiss"]
[EventRounds "9"]
[EventCountry "RUS"]
[Source "lmi"]
[SourceDate "2008.02.02"]

1. e4 c5 2. Nf3 d6 3. d4 cxd4 4. Nxd4 Nf6 5. f3 e5 6. Bb5+ Nbd7 7. Nf5 d5 8.
exd5 a6 9. Ba4 b5 10. Bb3 Nb6 11. Ne3 Bc5 12. Nc3 Bd4 13. Qd3 O-O 14. Ne4 Nh5
15. c3 Nf4 16. Qc2 Bxe3 17. Bxe3 Nbxd5 18. Bc5 Be6 19. g3 Nh3 20. Bxf8 Qxf8 21.
Qd2 Rd8 22. O-O-O Rd7 23. Bxd5 Rxd5 24. Qg2 Qc8 25. Rxd5 Bxd5 26. Rd1 1-0

[Event "4. Moscu Open 2008"]
[Site "Moscu RUS"]
[Date "2008.02.02"]
[Round "1.105"]
[White "Lushenkov, Mikhail"]
[Black "Venevtsev, Andrey"]
[Result "1/2-1/2"]
[WhiteElo "2458"]
[BlackElo "2178"]
[PlyCount "100"]
[EventDate "2008.02.02"]
[EventType "swiss"]
[EventRounds "9"]
[EventCountry "RUS"]
[Source "lmi"]
[SourceDate "2008.02.02"]

1. Nf3 Nf6 2. c4 e6 3. g3 d5 4. Bg2 Be7 5. O-O O-O 6. b3 c5 7. e3 Nc6 8. Bb2 b6
9. Qe2 Bb7 10. Rd1 Rc8 11. Nc3 Ne4 12. Nxe4 dxe4 13. Ne1 Na5 14. Qg4 g6 15. Qf4
Bd6 16. Qh6 e5 17. d3 exd3 18. Rxd3 Bxg2 19. Nxg2 Qe7 20. Rad1 Rfd8 21. Nf4 f6
22. Nd5 Qe6 23. f4 Nc6 24. f5 Qf7 25. Bc3 Bf8 26. Qh4 g5 27. Qg4 Rd6 28. Qf3
Rcd8 29. h4 h5 30. Qe4 g4 31. b4 Ne7 32. bxc5 bxc5 33. Ba5 Nxd5 34. cxd5 Rb8
35. Qc4 Qd7 36. e4 Qb5 37. Qxb5 Rxb5 38. Bc7 Rd7 39. d6 Kf7 40. Kf2 Ke8 41. Rd5
Rb2+ 42. R1d2 Rxd2+ 43. Rxd2 Rf7 44. Rb2 Kd7 45. Rb7 Kc6 46. Rxa7 Bxd6 47. Ra6+
Kb7 48. Rxd6 Kxc7 49. Ra6 Kb7 50. Rd6 Kc7 1/2-1/2

[Event "4. Moscu Open 2008"]
[Site "Moscu RUS"]
[Date "2008.02.02"]
[Round "1.107"]
[White "Looshnikov, Nikolai"]
[Black "Yudin, Ivan"]
[Result "1-0"]
[WhiteElo "2454"]
[BlackElo "2176"]
[PlyCount "59"]
[EventDate "2008.02.02"]
[EventType "swiss"]
[EventRounds "9"]
[EventCountry "RUS"]
[Source "lmi"]
[SourceDate "2008.02.02"]

1. e4 c5 2. Nf3 d6 3. c3 Nf6 4. Bc4 Nxe4 5. Qa4+ Nc6 6. Bxf7+ Kxf7 7. Qxe4 e6
8. d4 cxd4 9. cxd4 Qa5+ 10. Nc3 Be7 11. d5 exd5 12. Qf4+ Ke8 13. O-O Rf8 14.
Qg3 Kf7 15. Rd1 d4 16. Nxd4 Nxd4 17. Rxd4 Qe5 18. Rf4+ Bf6 19. Be3 Re8 20. h4
d5 21. Bd4 Qe6 22. Qd3 Qd6 23. Rxf6+ gxf6 24. Nb5 Qe7 25. Qxh7+ Kf8 26. Qh8+
Kf7 27. Qh5+ Kg7 28. Rc1 Rd8 29. Rc3 Kf8 30. Bc5 1-0

[Event "4. Moscu Open 2008"]
[Site "Moscu RUS"]
[Date "2008.02.02"]
[Round "1.108"]
[White "Urjubdshzirov, Erdni"]
[Black "Konovalov, Nikolay"]
[Result "1-0"]
[WhiteElo "2173"]
[BlackElo "2453"]
[PlyCount "128"]
[EventDate "2008.02.02"]
[EventType "swiss"]
[EventRounds "9"]
[EventCountry "RUS"]
[Source "lmi"]
[SourceDate "2008.02.02"]

1. e4 c5 2. Nf3 Nc6 3. d4 cxd4 4. Nxd4 e5 5. Nb5 d6 6. c4 Be7 7. N1c3 a6 8. Na3
f5 9. Nc2 Nf6 10. exf5 Bxf5 11. Ne3 Be6 12. Bd3 O-O 13. O-O Qd7 14. b3 Bd8 15.
Ned5 Nd4 16. Nxf6+ Bxf6 17. Be4 Kh8 18. Qd3 h6 19. Nd5 Bd8 20. Bd2 Bxd5 21.
Bxd5 Bb6 22. Kh1 Nf5 23. Rae1 Rae8 24. Qh3 Re7 25. Bc1 Qe8 26. Re4 Nd4 27. Be3
Bc5 28. f4 Nf5 29. Bd2 Qg6 30. g4 Nd4 31. f5 Qh7 32. Kg2 b5 33. Qh4 Ree8 34. f6
g5 35. Qe1 Qg6 36. f7 Re7 37. b4 Bb6 38. c5 dxc5 39. Rxe5 Nc2 40. Qe2 Nd4 41.
Qe3 Nc2 42. Qe4 Qxe4+ 43. Rxe4 Rxe4 44. Bxe4 Nd4 45. Rf6 Bd8 46. Rxh6+ Kg7 47.
Rh7+ Kf6 48. bxc5 Ne6 49. Bd5 Nxc5 50. Bc3+ Ke7 51. Bg7 Nd7 52. Bxf8+ Nxf8 53.
Rh6 a5 54. Ra6 Nh7 55. Ra7+ Kd6 56. Be4 Nf8 57. Bf5 a4 58. Kf3 Ke5 59. Rb7 Kf6
60. Rxb5 Kxf7 61. Ke4 a3 62. Rb7+ Kf6 63. Kd5 Ng6 64. Bxg6 Kxg6 1-0

[Event "4. Moscu Open 2008"]
[Site "Moscu RUS"]
[Date "2008.02.02"]
[Round "1.109"]
[White "Khusnutdinov, Rustam"]
[Black "Aldokhin, Ivan"]
[Result "1-0"]
[WhiteElo "2452"]
[BlackElo "2172"]
[PlyCount "93"]
[EventDate "2008.02.02"]
[EventType "swiss"]
[EventRounds "9"]
[EventCountry "RUS"]
[Source "lmi"]
[SourceDate "2008.02.02"]

1. e4 c5 2. Nf3 e6 3. d4 cxd4 4. Nxd4 a6 5. Nc3 Qc7 6. Be2 Nf6 7. O-O d6 8. f4
Nbd7 9. Bf3 Be7 10. g4 h6 11. Be3 g5 12. f5 Ne5 13. a4 Bd7 14. Be2 Nc4 15. Bc1
Rc8 16. Kg2 Qb6 17. Nb3 Ne3+ 18. Bxe3 Qxe3 19. Qd3 Qxd3 20. cxd3 h5 21. h3 hxg4
22. hxg4 b5 23. axb5 axb5 24. Rfc1 Rh4 25. Kg3 Bd8 26. Bf3 Bc7 27. Re1 Ke7 28.
Ra7 Bb8 29. Rb7 Rch8 30. Nd4 Rc8 31. Ncxb5 Kf8 32. fxe6 Bxe6 33. Nxe6+ fxe6 34.
Nd4 d5+ 35. Kg2 dxe4 36. dxe4 Be5 37. Nxe6+ Kg8 38. Rg7+ Kh8 39. Rxg5 Rc2+ 40.
Kg1 Bxb2 41. Rd1 Rc1 42. Rb5 Rxd1+ 43. Bxd1 Bc1 44. e5 Nd7 45. Rd5 Rh7 46. Ba4
Be3+ 47. Kg2 1-0

[Event "4. Moscu Open 2008"]
[Site "Moscu RUS"]
[Date "2008.02.02"]
[Round "1.110"]
[White "Zhadanov, Vasili B"]
[Black "Sitnikov, Anton"]
[Result "0-1"]
[WhiteElo "2164"]
[BlackElo "2450"]
[PlyCount "66"]
[EventDate "2008.02.02"]
[EventType "swiss"]
[EventRounds "9"]
[EventCountry "RUS"]
[Source "lmi"]
[SourceDate "2008.02.02"]

1. e4 e6 2. d4 d5 3. Nc3 Bb4 4. e5 c5 5. a3 Bxc3+ 6. bxc3 Qa5 7. Bd2 Qa4 8. Qg4
Kf8 9. Ra2 Nc6 10. Nf3 b6 11. Qf4 cxd4 12. cxd4 Ba6 13. Bxa6 Qxa6 14. Ng5 Nd8
15. h4 h6 16. Nf3 Ne7 17. h5 Rc8 18. Nh4 Ke8 19. Rh3 Qa4 20. Rb3 Rc4 21. Rb4
Qa6 22. Qg3 Ndc6 23. Rab2 Rxd4 24. Qxg7 Rg8 25. Qf6 Nxb4 26. Rxb4 Qxa3 27. Rb3
Re4+ 28. Re3 Qa1+ 29. Ke2 Qa6+ 30. Kf3 Qc4 31. g3 Rxe3+ 32. Bxe3 Qe4+ 33. Ke2
d4 0-1